Miracles From the Vault/ (Record no. 6008)

MARC details
000 -LEADER
fixed length control field 00418nam a22001577a 4500
003 - CONTROL NUMBER IDENTIFIER
control field OSt
005 - DATE AND TIME OF LATEST TRANSACTION
control field 20190111155653.0
008 - FIXED-LENGTH DATA ELEMENTS--GENERAL INFORMATION
fixed length control field 190111b ||||| |||| 00| 0 eng d
040 ## - CATALOGING SOURCE
Transcribing agency DLC
082 ## - DEWEY DECIMAL CLASSIFICATION NUMBER
Classification number 615.7
Item number T486m
100 ## - MAIN ENTRY--PERSONAL NAME
Personal name Thomson, Jenny
245 ## - TITLE STATEMENT
Title Miracles From the Vault/
Remainder of title Anthology of Underground cures
260 ## - PUBLICATION, DISTRIBUTION, ETC.
Place of publication, distribution, etc. Baltimore
Name of publisher, distributor, etc. Health Sciences Institute
Date of publication, distribution, etc. c2013
300 ## - PHYSICAL DESCRIPTION
Extent 584 p.;
Dimensions 23cm
942 ## - ADDED ENTRY ELEMENTS (KOHA)
Source of classification or shelving scheme Dewey Decimal Classification
Koha item type Books
Holdings
Withdrawn status Lost status Source of classification or shelving scheme Damaged status Not for loan Collection code Home library Current library Shelving location Date acquired Cost, normal purchase price Total Checkouts Full call number Barcode Date last seen Price effective from Koha item type
    Dewey Decimal Classification     Non-fiction Harvest Mission College Harvest Mission College General Stacks 11.01.2019 250.00   615.7 T486m 007010 11.01.2019 11.01.2019 Books

OPAC Designed and Maintained by HMC Library Team.
Copyright © HMC Library,Greater Noida, UP.
For any Suggestions/Query Contact library via Email:libhmc@gmail.com